5HLuxD.jpg

KING HENRY VIII SENIOR AND PRIMARY SCHOOL LIBRARY OPAC

Maths Challenge / (Record no. 4299)

000 -LEADER
fixed length control field 00812nam a22002177a 4500
003 - CONTROL NUMBER IDENTIFIER
control field OSt
005 - DATE AND TIME OF LATEST TRANSACTION
control field 20250205142209.0
008 - FIXED-LENGTH DATA ELEMENTS--GENERAL INFORMATION
fixed length control field 250205b ||||| |||| 00| 0 eng d
020 ## - INTERNATIONAL STANDARD BOOK NUMBER
International Standard Book Number 9780199147786
040 ## - CATALOGING SOURCE
Transcribing agency KH8
082 ## - DEWEY DECIMAL CLASSIFICATION NUMBER
Classification number 510 MAT
130 ## - MAIN ENTRY--UNIFORM TITLE
Uniform title Maths Challenge
245 ## - TITLE STATEMENT
Title Maths Challenge /
Statement of responsibility, etc. edited by Tony Gardiner.
260 ## - PUBLICATION, DISTRIBUTION, ETC.
Place of publication, distribution, etc. New York ;
Name of publisher, distributor, etc. Oxford University Press ,
Date of publication, distribution, etc. 2000.
300 ## - PHYSICAL DESCRIPTION
Extent 99 pages :
Other physical details illustrations ;
Dimensions 25 cm.
490 ## - SERIES STATEMENT
Series statement Maths Challenge
Volume/sequential designation 2
520 ## - SUMMARY, ETC.
Summary, etc. Maths Challenge 2 is the first in a series of three books writeen to stretch in lower secondary schools. The series provides an assential grounding for those likely to study mathemtaics at a higher level.
650 ## - SUBJECT ADDED ENTRY--TOPICAL TERM
Topical term or geographic name entry element Mathematics
Form subdivision problems & solving
650 ## - SUBJECT ADDED ENTRY--TOPICAL TERM
Topical term or geographic name entry element Mathematics
Form subdivision comments & solutiuons
942 ## - ADDED ENTRY ELEMENTS (KOHA)
Source of classification or shelving scheme
Koha item type Books - Non Ficton
Holdings
Withdrawn status Lost status Source of classification or shelving scheme Damaged status Not for loan Collection code Permanent Location Current Location Shelving location Date acquired Full call number Barcode Date last seen Price effective from Koha item type
          Non-Fiction KH8 Senior School Library KH8 Senior School Library Non Fiction 2025-02-05 510 MAT 3KHSL000102191 2025-02-05 2025-02-05 Books - Non Ficton

Powered By KH8 IT Dept